Netherlands Squad WC2026 - Statistics

General Stats
  • This quiz has been taken 6 times
  • The average score is 19 of 26
Answer Stats
Position Club Player % Correct
Midfield Barcelona Frenkie De Jong
100%
Defender Liverpool Virgil Van Dijk
100%
Attack Liverpool Cody Gakpo
83%
Midfield Bournemouth Justin Kluivert
83%
Attack Corinthians Memphis Depay
83%
Defender Manchester City Nathan Aké
83%
Attack Galatasaray Noa Lang
83%
Midfield Liverpool Ryan Gravenberch
83%
Attack Ajax Wout Weghorst
83%
Goalkeeper Brighton Bart Verbruggen
67%
Attack Sunderland Brian Brobbey
67%
Attack West Ham Crysencio Summerville
67%
Defender Inter Milan Denzel Dumfries
67%
Attack AS Roma Donyell Malen
67%
Midfield PSV Guus Til
67%
Defender Brighton Jan Paul Van Hecke
67%
Defender Chelsea Jorrel Hato
67%
Defender Arsenal Jurrien Timber
67%
Midfield Atalanta Marten De Roon
67%
Defender Tottenham Micky Van De Ven
67%
Midfield Olympique Marseille Quinten Timber
67%
Goalkeeper Sunderland Robin Roefs
67%
Midfield Juventus Teun Koopmeiners
67%
Midfield Manchester City Tijjani Reijnders
67%
Goalkeeper Bayer Leverkusen Mark Flekken
50%
Defender Brighton Mats Wieffer
50%
No matching quizzes found
Score Distribution
Percent of People with Each Score
Percentile by Number Answered
Your Score History
You have not taken this quiz